| 000 | 00523nam a2200205Ia 4500 | ||
|---|---|---|---|
| 003 | OSt | ||
| 005 | 20250529111611.0 | ||
| 008 | 008 250516s9999 xx 000 0 eng d | ||
| 020 | _a9781788739993 | ||
| 040 |
_aSDCL _beng _cSDCL |
||
| 041 |
_aeng _2eng |
||
| 084 |
_aR3xL24 R4 _qSDCL |
||
| 100 |
_aWare, Ben _9809767 |
||
| 245 | 0 |
_aOn extinction : _bBeginning again at the end |
|
| 260 |
_aLondon: _bVerso, _c2024. |
||
| 300 | _axii,180p. | ||
| 365 |
_aUKP _b14.99 |
||
| 650 | _aPhilosophy | ||
| 942 |
_cTEXL _2CC _n0 |
||
| 999 |
_c1429854 _d1429854 |
||